000 00744cam a2200241 4500
001 J1199
008 090401t1992 xxu||||| |||| 00| 0 eng d
035 _a(Sirsi) u42298
041 _aeng
050 _a690
110 _aBuilding Research Establishment
245 _aProviding temporary support during work on openings in external walls.
260 _aGarston, Watford
_bBuilding Research Establishment
_c1992
300 _a8p. : ill. ; 30cm.
350 _a0
490 _aGood Building Guide
_v15
650 _aBUILT ENVIRONMENT-BUILDING ELEMENTS-COMPLETE BUILDING ELEMENTS-WALLS-EXTERNAL WALLS
650 _aLOADING
650 _aMASONRY
690 _aBUILT ENVIRONMENT-CONSTRUCTION DESIGN
942 _n0
948 _c04/03/1997
999 _c91063
_d91063